000
00264nam a2200097Ia 4500
008
171204s9999 xx 000 0 und d
245
_a
Web Design For Beginners:
260
_c
2016
650
_x
Web Design
856
_u
http://down.ebook777.com/034/978-3598232749.pdf
999
_c
345995
_d
345995